00631cam a2200229ra 45000010005000000030008000050050017000130080041000300350018000710350014000890400026001030410008001290820024001371000030001612450045001912600045002363000019002815260022003006500028003226510035003507000016003854420BD-RjUL20211208233905.0 s1963 nyu 001 0 eng d a(BD-RjUL)4455 a(BD-RjUL) aNZOCbengcNZOCdNZOC aeng 216a342.5bCON 19631 q(Richard Neville),d1916-10aConstitutionalism in Asia /cR. N. Spann aNew York :bAsia Publishing House,c1963 a249 p.c21 cm. bPolitical Science 0aConstitutional history. 0aAsiaxPolitics and government. aR. N.Spann,